| 000 | 00800cam a22002294a 4500 | ||
|---|---|---|---|
| 005 | 20250605164215.0 | ||
| 008 | 250528s ||||||||||||||||||||||||d | ||
| 035 | _a20433 | ||
| 020 | _a195073088 | ||
| 040 |
_aGR-AtMCL _bgre _dGR-AtMCL _eAACR2 |
||
| 245 | 1 | _aPopular Writing in America / The Interaction of Style and Audience | |
| 250 | _a5th | ||
| 260 |
_bOxford University Press, _c1993 |
||
| 300 | _a744 | ||
| 505 | 0 | _aIntroduction, Advertising, Press, Magazines, Best-Sellers, Classics, Scripts, Description, Narration, Exposition. | |
| 520 | _aIntroduction, Advertising, Press, Magazines, Best-Sellers, Classics, Scripts, Description, Narration, Exposition. | ||
| 700 | 1 |
_aAtwan Robert _96420 |
|
| 700 | 1 |
_aMcquade Donald _96421 |
|
| 942 | _cBK | ||
| 999 |
_c5542 _d5542 |
||